Bugs and insects (Record no. 88260)

MARC details
000 -LEADER
fixed length control field 00759nam a2200277 i 4500
001 - CONTROL NUMBER
control field C2-0281965
003 - CONTROL NUMBER IDENTIFIER
control field PPAK
005 - DATE AND TIME OF LATEST TRANSACTION
control field 20190226153921.0
008 - FIXED-LENGTH DATA ELEMENTS--GENERAL INFORMATION
fixed length control field 070919s2007 my a|||| ||||| | eng d
020 ## - INTERNATIONAL STANDARD BOOK NUMBER
International Standard Book Number 9830754235
040 ## - CATALOGING SOURCE
Original cataloging agency PPAK
Language of cataloging eng
Transcribing agency PPAK
Description conventions rda
082 04 - DEWEY DECIMAL CLASSIFICATION NUMBER
Classification number 500
Edition number 23
090 00 - LOCALLY ASSIGNED LC-TYPE CALL NUMBER (OCLC); LOCAL CALL NUMBER (RLIN)
Classification number (OCLC) (R) ; Classification number, CALL (RLIN) (NR) 500
Feature heading KHO
Feature heading K
Classification number (OCLC) (R) ; Classification number, CALL (RLIN) (NR) 500
Feature heading KHO
Feature heading RK
100 1# - MAIN ENTRY--PERSONAL NAME
Personal name Khoo, Kevin,
Relator term author
245 10 - TITLE STATEMENT
Title Bugs and insects
264 #1 - PRODUCTION, PUBLICATION, DISTRIBUTION, MANUFACTURE, AND COPYRIGHT NOTICE
Place of production, publication, distribution, manufacture Rawang, Selangor :
Name of producer, publisher, distributor, manufacturer Penerbit Mikamas ,
Date of production, publication, distribution, manufacture, or copyright notice 2007
300 ## - PHYSICAL DESCRIPTION
Extent 32 pages :
Other physical details colour illustrations ;
Dimensions 27 cm
336 ## - CONTENT TYPE
Source rdacontent
Content type term text
337 ## - MEDIA TYPE
Source rdamedia
Media type term unmediated
338 ## - CARRIER TYPE
Source rdacarrier
Carrier type term volume
490 1# - SERIES STATEMENT
Series statement Science facts series
650 10 - SUBJECT ADDED ENTRY--TOPICAL TERM
Topical term or geographic name entry element Science - Popular works.
830 #0 - SERIES ADDED ENTRY--UNIFORM TITLE
Uniform title Science facts series
942 ## - ADDED ENTRY ELEMENTS (KOHA)
Koha item type Book
Source of classification or shelving scheme Dewey Decimal Classification
Holdings
Withdrawn Not for loan Current library Shelving location Date acquired Full call number Barcode Date last seen Koha item type Total Checkouts
  Not For Loan Perpustakaan Alor Setar Rujukan Kanak-kanak 16/10/2007 RK 500 KHO A01204092 09/05/2018 Book  
  Not For Loan Perpustakaan Awam Sungai Petani Rujukan Kanak-kanak 16/10/2007 RK 500 KHO A01204093 09/05/2018 Book  
  Not For Loan Perpustakaan Baling Rujukan Kanak-kanak 16/10/2007 RK 500 KHO A01204099 09/05/2018 Book  
  Not For Loan Perpustakaan Bandar Baharu Rujukan Kanak-kanak 16/10/2007 RK 500 KHO A01204100 09/05/2018 Book  
  Not For Loan Perpustakaan Jitra Rujukan Kanak-kanak 16/10/2007 RK 500 KHO A01204094 09/05/2018 Book  
  Not For Loan Perpustakaan Kuala Nerang Rujukan Kanak-kanak 16/10/2007 RK 500 KHO A01204101 09/05/2018 Book  
  Not For Loan Perpustakaan Kulim Rujukan Kanak-kanak 16/10/2007 RK 500 KHO A01204096 09/05/2018 Book  
  Not For Loan Perpustakaan Langkawi Rujukan Kanak-kanak 16/10/2007 RK 500 KHO A01204095 09/05/2018 Book  
  Not For Loan Perpustakaan Sik Rujukan Kanak-kanak 16/10/2007 RK 500 KHO A01204098 09/05/2018 Book  
  Not For Loan Perpustakaan Sik Rujukan Kanak-kanak 16/10/2007 RK 500 KHO A01204102 09/05/2018 Book  
  Not For Loan Perpustakaan Yan Rujukan Kanak-kanak 16/10/2007 RK 500 KHO A01204097 09/05/2018 Book  
    Bergerak 3, Baling Pinjaman Kanak-kanak 19/09/2007 K 500 KHO A01200148 09/05/2018 Book  
    Bergerak 4, Sungai Petani Pinjaman Kanak-kanak 19/09/2007 K 500 KHO A01200149 09/05/2018 Book  
    Bergerak 5, Kulim Pinjaman Kanak-kanak 19/09/2007 K 500 KHO A01200150 09/05/2018 Book  
  Not For Loan PD35, Kg. Sungai Daun, Yan Rujukan Kanak-kanak 19/09/2007 RK 500 KHO A01200151 09/05/2018 Book  
  Not For Loan PD36, Kg. Kuala Lanjut, Kota Star Rujukan Kanak-kanak 19/09/2007 RK 500 KHO A01200152 09/05/2018 Book  
  Not For Loan PD37, Kg. Belat, Pendang Rujukan Kanak-kanak 19/09/2007 RK 500 KHO A01200153 09/05/2018 Book  
  Not For Loan PD38, KEDA Tanjung Setol, Pendang Rujukan Kanak-kanak 19/09/2007 RK 500 KHO A01200154 09/05/2018 Book  
  Not For Loan PD39, Felda Bukit Tembaga, Kuala Nerang Rujukan Kanak-kanak 19/09/2007 RK 500 KHO A01200156 09/05/2018 Book